Sedimentology

Αποθηκεύτηκε σε:
Λεπτομέρειες βιβλιογραφικής εγγραφής
Συγγραφή απο Οργανισμό/Αρχή: International Association of Sedimentologists
Μορφή: Βιβλίο
Γλώσσα:English
Δημοσίευση: Oxford,; Boston : Blackwell Science; International Association of Sedimentologists, c2000
Θέματα:
Ετικέτες: Προσθήκη ετικέτας
Δεν υπάρχουν, Καταχωρήστε ετικέτα πρώτοι!

MARC

LEADER 00000nam a2200000 i 4500
001 1/21245
008 060109s2000 eng d
020 |a 0-632-05794-7 
035 |l 10081829 
040 |a GR-MY-UA  |b gre  |e aacr 
041 0 |a eng 
082 0 |a 551.3  |2 (22) 
110 2 |a International Association of Sedimentologists. 
245 1 0 |a Sedimentology /  |c International Association of Sedimentologists 
260 |a Oxford,; Boston :   |b Blackwell Science; International Association of Sedimentologists,   |c c2000 
300 |a 256 σ.;  |b εικ., χάρτ.;  |c 28 εκ. 
500 |a Συμπληρωματικό τεύχος του περιοδικού Sedimentology του τόμου 47 (2000) που εκδίδεται από το International Association of Sedimentologists 
650 0 0 |a Sedimentology. 
852 |a INST  |b LESVOS  |e 20060109  |h 551.3 ΙΝΤ  |p 005100033851  |q 005100033851  |t BK  |y 0 
852 |a INST  |b LESVOS  |e 20060109  |h 551.3 ΙΝΤ  |p 005100033852  |q 005100033852  |t BK  |y 0 
852 |a INST  |b LESVOS  |e 20060109  |h 551.3 ΙΝΤ  |p 005100033853  |q 005100033853  |t BK  |y 0 
852 |a INST  |b LESVOS  |e 20060109  |h 551.3 ΙΝΤ  |p 005100033854  |q 005100033854  |t BK  |y 0 
852 |a INST  |b RHODES  |e 20071002  |h 551.3 ΙΝΤ  |p 005400025569  |q 005400025569  |t BK  |y 0 
901 |a BIBL1-2006-1 
901 |a BIBL4-2007-3 
909 |a Λ  |b 118068 
909 |a Λ  |b 118067 
909 |a Λ  |b 118066 
909 |a Λ  |b 118069 
909 |a Ρ  |b 139043 
920 |a ΔΙΕΥΡΥΝΣΗ  |b ΕΠΕΑΕΚ-ΤΕΘ  |y ΛΕΣΒΟΣ  |z 2005-12 
922 |a 4ΕΛΗ  |b 200709  |c ΕΠΕΑΕΚ2/ΤΜΣ  |d ΠΑΠΑΣΩΤΗΡΙΟΥ 
970 |a ΚΑΡΑ  |b ΓΙΑΣΕΜΗ  |z 2006/01/09